| 000 | 00588nam a2200193Ii 4500 | ||
|---|---|---|---|
| 003 | JO-AjNU | ||
| 008 | 230605s9999||||xx |||||||||||||| ||und|| | ||
| 040 |
_aJO-AjNU _bara _erda _cJO-AjNU |
||
| 041 | _aara | ||
| 050 | 1 | 4 | _aPJ7802.B28.A14 1965 |
| 100 | 3 |
_aأباظة، ثروت, _eauthor _940005 |
|
| 245 | 0 | 0 | _aهارب من الأيام |
| 264 | 3 | 1 | _aالقاهرة: دار المعارف، 1965 |
| 300 | _a260ص | ||
| 336 |
_atext _btxt _2rdacontent |
||
| 337 |
_aunmediated _bn _2rdamedia |
||
| 338 |
_avolume _bnc _2rdacarrier |
||
| 650 | 4 |
_aالأدب العربي - قصص _940006 |
|
| 999 |
_aA16942 _c20510 _d20510 |
||